000 01355cam a22003497a 4500
003 CHAP
005 20220329142646.0
008 020814d2002 mx abd r 00110 spa d
010 _a86092
011 _a87064
035 _a97605
040 _cCHAP
090 _aTesis
100 0 0 _aCruz Morales, Juana.
_929517
245 1 0 _aEstrategias para el desarrollo rural sustentable de los pescadores -campesinos de aguas interiores en el municipio de Playas de Catazajá, Chiapas
_c/por Juana Cruz Morales
260 _aSan Cristóbal de las Casas, Chis. :
_bEl autor,
_c2002
300 _a174 h. :
_bilus. ; gráfs. ; mapas ; cuadros
502 _aTesis (M.C. en Desarrollo Rural Regional) -- UACH. Dirección de Centros Regionales Universitarios
590 _aALEPH
_b10
_c20130110
_lUCH01
_h1448
590 _aBATCH-UPD
_b10
_c20130110
_lUCH01
_h0500
590 _aCONVERSION
_b10
_c20130109
_lUCH01
_h1348
650 1 4 _aAguas interiores.
_92579
650 1 4 _aCampesinado
_xChiapas.
_918001
650 1 4 _aDesarrollo rural.
_932067
650 1 4 _aDesarrollo sustentable
_zChiapas.
_932099
650 1 4 _aPescadores
_xChiapas.
_987475
901 _aBK
905 _aMarco A. Mendoza T.
942 _cFOLL
949 _aTesis
_bBC
_cTES
_d33724000870150
_eTS2
_fc.2
_gDonaciØn
_h39670
_i97605
_sb
949 _aTesis
_bBC
_cTES
_d976051
_eTS1
_gDonaciØn
_h39669
_i97605
_sb
999 _c86092
_d86092